000 01106nam a2200325 i 4500
999 _c200431515
_d49727
001 200431515
003 TR-AnTOB
005 20220616105748.0
008 181118s2018 tur | 001 0 tur d
020 _a9789751634504
040 _aTR-AnTOB
_beng
_erda
_cTR-AnTOB
041 0 _atur
_aota
050 4 _aDR475
_b.M84 2018
090 _aDR475
_b.M84 2018
245 0 0 _aMuharrerât-ı nâdire /
_cyayına hazırlayan Prof. Dr. Ali Aktan.
264 1 _aAnkara :
_bTürk Tarih Kurumu,
_c2018.
300 _axiv, 532 pages :
_bfacsimiles ;
_c24 cm
336 _atext
_btxt
_2rdacontent
337 _aunmediated
_bn
_2rdamedia
338 _avolume
_bnc
_2rdacarrier
490 0 _aAKDTYK Türk tarih Kurumu Yayınları; III- 8.
_vDizi- Sayı:3
500 _aIncludes index.
651 0 _aTürkiye
_xSiyaset ve yönetim
_y1878-1909
_985673
700 1 _aReşit Paşa, Mustafa,
_d1800-1858
_912314
700 0 _aAli Paşa,
_d1815-1871
_947222
700 0 _aMehmed Fuad Paşa,
_d1815-1869
_962928
700 1 _aAktan, Ali
_eeditor
_9122696
942 _2lcc
_cBK